000 00592nam a2200181Ia 4500
008 090123s9999 xx 000 0 und d
082 _b20371
_a891.463/यादवा
100 _aयादवाडकर प्रकाश
245 _aआकाश भरारी
250 _a1
260 _bमनोरमा प्रकाशन
_c1991
300 _a271
600 _aयादवाडकर प्रकाश
630 _aआकाश भरारी
700 _aयादवाडकर प्रकाश
730 _aआकाश भरारी
942 _cBOOK
999 _c58443
_d58443